000 00920nam a2200229Ia 4500
003 GCL
008 140319s9999 xx 000 0 ara d
040 _aGCL /
_cGCL
082 0 4 _a237
_bح م
100 1 _aابن حجر العسقلانى : بدر الدين ابو المعالى محمد بن احمد بن على
245 1 0 _aالمطالب العالية بزوائد المسانيد الثمانية /
_cابن حجر العسقلانى : بدر الدين ابو المعالى محمد بن احمد بن على
300 _aمتعدد
490 _a
650 0 4 _aالحديث
650 0 4 _aعلم الجرح والتعديل
650 0 4 _aالحديث - اسناد
650 0 4 _aالحديث - المساند
650 0 4 _aالحديث - كتب ائمة الفقة
650 0 4 _aالحديث - كتب ائمة الفقةالاربعة
650 0 4 _aالحديث - فهارس
942 _2ddc
_cBK
999 _c41324
_d41324